| 000 | 01240nac a22003257a 4500 | ||
|---|---|---|---|
| 001 | BR7906755 | ||
| 003 | BR-BrBNA | ||
| 005 | 20240105114524.0 | ||
| 008 | 230509b bl.|||m| |||| 00| 0 por d | ||
| 040 |
_aBR-BrBNA _bpor _cBiblioteca Nacional de Agricultura |
||
| 072 | _aE15; L00 | ||
| 090 | _a5213 BR7906755 | ||
| 100 | 1 | _aMielitz Netto, C.G.A. | |
| 110 | 1 | _aUniversidade Federal do Rio Grande do Sul, Porto Alegre (Brasil). Centro de Estudos e Pesquisas Economicas | |
| 245 | 1 | _aAnalise das mudancas de alguns coeficientes tecnicos na criacao de bovinos de corte no RS [Economia da producao; Produtividade; Manejo; Rendimento; Rio Grande do Sul; Brasil] | |
| 260 | 3 |
_aPorto Alegre, RS (Brasil): _c1979. |
|
| 300 | _a62 p. | ||
| 490 |
_aTese de Conclusao dos Cursos de Pos-Graduacao em Economia Rural e Sociologia Rural (Brazil) _vno. 62 _x |
||
| 500 | _a7 graphs; 20 tables; 25 ref.; Summary (Pt) | ||
| 502 | _aTese (Pos-Graduacao) | ||
| 650 | _aGADO DE CORTE | ||
| 650 | _aECONOMIA DA PRODUCAO | ||
| 650 | _aPRODUTIVIDADE | ||
| 650 | _aSISTEMA DE PRODUCAO | ||
| 650 | _aMANEJO | ||
| 650 | _aRENDIMENTO | ||
| 650 | _aRIO GRANDE DO SUL | ||
| 909 |
_a202312 _bLúcia Elande _c55 _dLúcia Elande |
||
| 942 |
_2AGRIS _n0 _cMS |
||
| 999 |
_c269825 _d269825 |
||